<?xml version="1.0" encoding="UTF-8"?>
<record
    xmlns:xsi="http://www.w3.org/2001/XMLSchema-instance"
    xsi:schemaLocation="http://www.loc.gov/MARC21/slim http://www.loc.gov/standards/marcxml/schema/MARC21slim.xsd"
    xmlns="http://www.loc.gov/MARC21/slim">

  <leader>00720nam a22002537a 4500</leader>
  <controlfield tag="005">20230128092005.0</controlfield>
  <controlfield tag="008">230128b           ||||| |||| 00| 0 eng d</controlfield>
  <datafield tag="040" ind1=" " ind2=" ">
    <subfield code="c">AL</subfield>
  </datafield>
  <datafield tag="041" ind1=" " ind2=" ">
    <subfield code="a">eng</subfield>
  </datafield>
  <datafield tag="082" ind1=" " ind2=" ">
    <subfield code="2">23</subfield>
    <subfield code="a">954.035</subfield>
    <subfield code="b">DANM</subfield>
  </datafield>
  <datafield tag="100" ind1=" " ind2=" ">
    <subfield code="a">S A Dange...[et.al]</subfield>
    <subfield code="9">70064</subfield>
  </datafield>
  <datafield tag="245" ind1=" " ind2=" ">
    <subfield code="a">Mahatma:</subfield>
    <subfield code="b">Marxist evaluation</subfield>
  </datafield>
  <datafield tag="260" ind1=" " ind2=" ">
    <subfield code="a">New Delhi</subfield>
    <subfield code="b">Peoples Publishing House</subfield>
    <subfield code="c">1977</subfield>
  </datafield>
  <datafield tag="300" ind1=" " ind2=" ">
    <subfield code="a">v,109p.</subfield>
    <subfield code="b">HB</subfield>
    <subfield code="c">22x14cm.</subfield>
  </datafield>
  <datafield tag="365" ind1=" " ind2=" ">
    <subfield code="2">History</subfield>
    <subfield code="b">15.00</subfield>
    <subfield code="c">&#x20B9;</subfield>
    <subfield code="d">15.00</subfield>
  </datafield>
  <datafield tag="650" ind1=" " ind2=" ">
    <subfield code="a">Biography</subfield>
    <subfield code="9">70057</subfield>
  </datafield>
  <datafield tag="650" ind1=" " ind2=" ">
    <subfield code="a">Indian History</subfield>
    <subfield code="9">70058</subfield>
  </datafield>
  <datafield tag="650" ind1=" " ind2=" ">
    <subfield code="a">Mahatma Gandhi</subfield>
    <subfield code="9">70059</subfield>
  </datafield>
  <datafield tag="700" ind1=" " ind2=" ">
    <subfield code="a">DANGE (S A)</subfield>
    <subfield code="9">70060</subfield>
  </datafield>
  <datafield tag="700" ind1=" " ind2=" ">
    <subfield code="a">MUKERJEE (Hiren)</subfield>
    <subfield code="9">70061</subfield>
  </datafield>
  <datafield tag="700" ind1=" " ind2=" ">
    <subfield code="a">SARDESAI (S G)</subfield>
    <subfield code="9">70062</subfield>
  </datafield>
  <datafield tag="700" ind1=" " ind2=" ">
    <subfield code="a">SEN (Mohit)</subfield>
    <subfield code="9">70063</subfield>
  </datafield>
  <datafield tag="942" ind1=" " ind2=" ">
    <subfield code="2">ddc</subfield>
    <subfield code="c">DB</subfield>
  </datafield>
  <datafield tag="999" ind1=" " ind2=" ">
    <subfield code="c">226462</subfield>
    <subfield code="d">226462</subfield>
  </datafield>
  <datafield tag="952" ind1=" " ind2=" ">
    <subfield code="0">0</subfield>
    <subfield code="1">0</subfield>
    <subfield code="2">ddc</subfield>
    <subfield code="4">0</subfield>
    <subfield code="7">0</subfield>
    <subfield code="8">HIS</subfield>
    <subfield code="a">AL</subfield>
    <subfield code="b">AL</subfield>
    <subfield code="d">2014-12-15</subfield>
    <subfield code="l">0</subfield>
    <subfield code="o">954.035 DANM</subfield>
    <subfield code="p">D05627</subfield>
    <subfield code="r">2023-01-28 00:00:00</subfield>
    <subfield code="w">2023-01-28</subfield>
    <subfield code="y">DB</subfield>
    <subfield code="z">Donated by V. T. Rajshekar</subfield>
  </datafield>
</record>
